000 00913nac a22002657a 4500
001 BR9300893
003 BR-BrBNA
005 20240105121418.0
008 230509b bl.|||m| |||| 00| 0 por d
040 _aBR-BrBNA
_bpor
_cBiblioteca Nacional de Agricultura
072 _aP40
090 _aP40 BR9300893
100 1 _aLameira, O.A.
100 1 _aCoimbra, J.M.A.
110 1 _aUnidade de Execucao de Pesquisa de Ambito Territorial de Boa Vista, RR (Brasil)
_910391
245 1 _aLevantamento e distribuicao da precipitacao em Roraima
260 3 _aBoa Vista, RR (Brasil):
_c1988.
300 _a5 p.
490 _aPesquisa em Andamento - Unidade de Execucao de Pesquisa de Ambito Territorial de Boa Vista (Brazil)
_vno. 12
_xISSN 0101-8639
650 _aClimatologia
650 _aPrecipitacao Pluvial
650 _aRoraima
909 _a202312
_bLúcia Elande
_c55
_dLúcia Elande
942 _2AGRIS
_n0
_cMS
999 _c285146
_d285146